Normal view
MARC view
- Tabeer,Aaisha, Saeed,Aiman, Barlas,Humza Ahmad, Junaid,Rida, Saleem,Shamsa & Mujib,Zuha
Entry Personal Name
001 - CONTROL NUMBER
- control field: 4839
003 - CONTROL NUMBER IDENTIFIER
- control field: NUST
005 - DATE AND TIME OF LATEST TRANSACTION
- control field: 20170922121657.0
008 - FIXED-LENGTH DATA ELEMENTS
- fixed length control field: 170922|| aca||aabn | a|a d
040 ## - CATALOGING SOURCE
- Original cataloging agency: NUST
- Transcribing agency: NUST
100 ## - HEADING--PERSONAL NAME
- Personal name: Tabeer,Aaisha, Saeed,Aiman, Barlas,Humza Ahmad, Junaid,Rida, Saleem,Shamsa & Mujib,Zuha
670 ## - SOURCE DATA FOUND
- Source citation: Work cat.: (NUST): Tabeer,Aaisha, Saeed,Aiman, Barlas,Humza Ahmad, Junaid,Rida, Saleem,Shamsa & Mujib,Zuha , Blasphemy laws of Pakistan: a necessity or a tool of personal and political vengeance? , 2017
